| 000 | 01196cam a2200265 i 4500 | ||
|---|---|---|---|
| 003 | SA-RiAUC | ||
| 005 | 20241010070210.0 | ||
| 008 | 241006s1984 ua g 000r0cara c | ||
| 040 |
_aSA-MaUQU _bara _cSA-RiAUC _erda |
||
| 082 | 0 | 4 | _a234.65 |
| 090 |
_a234.65 _bك ت ا |
||
| 245 | 0 | 0 |
_aكتاب المصاعد الراوية إلى الأسانيد والكتب والمتون المرضية وسير وتراجم / _cجمع عبد الفتاح حسين راوه. |
| 246 | 3 | 0 | _aالمصاعد الراوية إلى الأسانيد والكتب والمتون المرضية وسير وتراجم |
| 250 | _aالطبعة الأولى. | ||
| 264 | 1 |
_aالقاهرة : _bعبد الفتاح حسين راوه، _c1984 |
|
| 300 |
_a46 صفحة ؛ _c24 سم |
||
| 336 |
_aنص _btxt _2rdacontent _3كتاب |
||
| 337 |
_aبدون وسيط _bn _2rdamedia |
||
| 338 |
_aمجلد _bnc _2rdacarrier |
||
| 650 | 7 |
_aطبقات رواة الحديث وحفاظه _vتراجم _2aucsh |
|
| 650 | 7 |
_aالحديث _xإسناد _2aucsh |
|
| 700 | 1 |
_aالمكي، عبد الفتاح حسين راوة، _d1334-1424 هجري _eجامع. |
|
| 942 |
_2ddc _cBOOK _n0 |
||
| 949 |
_aSA-JeALM _d241006 _umohamedma123 _n1 |
||
| 999 |
_c1109 _d1109 |
||